000 00891nam a22003017a 4500
001 0074
003 DO-SdBNP
005 20180126095719.0
007 0074
008 151028b sp 1983 xxu||||| |||| 00| 0 spa d
020 _a8475251439
040 _aBPMSU
_bspa
_cBPMSU
092 _axxxxxxxx
_bxxxxxxx
100 1 0 _aPérez Galdos, Benito
245 _aTrafalgar /
_cBenito Pérez Galdos ; ilustración Miguel Angel Oyarbide
260 _aMadrid, España :
_bAnaya,
_c1983
300 _a255 p. :
_bil.,
_c20 cm.
490 1 0 _aTus libros
490 1 0 _aMarineros
_v31
500 _aIncluye notas y referencias bibliográficas al pie de las páginas
504 _aBibliografías : p. 254-255
700 1 0 _aOyaarbide, Miguel Angel,
_3il.
830 0 0 _aTus libros
830 0 0 _aMarineros
_n31
942 _2ddc
_cBK
945 _aInventariado, 2018 / YL
956 _aBTAVAREZ
_b10
_cBPMSU
999 _c8487
_d8487